[Event "4th Cairns Cup 2024"]
[Site "Saint Louis USA"]
[Date "2024.06.21"]
[Round "8.1"]
[White "Krush,I"]
[Black "Muzychuk,M"]
[Result "1/2-1/2"]
[WhiteElo "2415"]
[BlackElo "2510"]

1.d4 Nf6 2.c4 e6 3.Nc3 Bb4 4.e3 O-O 5.Bd3 d5 6.cxd5 exd5 7.Ne2 Re8 8.Bd2 Bd6
9.O-O b6 10.Nf4 Bxf4 11.exf4 c5 12.dxc5 bxc5 13.b3 Ba6 14.Bxa6 Nxa6 15.Na4 Ne4
16.Rc1 Qd6 17.Re1 h6 18.g3 Nxd2 19.Qxd2 Rac8 20.Rxe8+ Rxe8 21.Qa5 Rc8 22.Qb5 Rb8
23.Qa5 Rc8 24.Qb5 Rb8 25.Qa5 Rc8  1/2-1/2

[Event "4th Cairns Cup 2024"]
[Site "Saint Louis USA"]
[Date "2024.06.22"]
[Round "9.4"]
[White "Zatonskih,A"]
[Black "Krush,I"]
[Result "1/2-1/2"]
[WhiteElo "2327"]
[BlackElo "2415"]

1.d4 Nf6 2.Nf3 g6 3.Nbd2 d5 4.b3 c6 5.Bb2 Bf5 6.e3 e6 7.Be2 Nbd7 8.Ne5 h5
9.Bd3 Qc7 10.Qe2 Bg7 11.O-O Ng4 12.f4 Ngf6 13.e4 dxe4 14.Nxe4 Nxe4 15.Bxe4 Bxe4
16.Qxe4 O-O 17.Rad1 Rad8 18.c4 c5 19.dxc5 Nxe5 20.Bxe5 Qxc5+ 21.Kh1 b5 22.cxb5 Qxb5
23.h3 Bxe5 24.fxe5 Rd5 25.Rfe1 Rfd8 26.Rxd5 Rxd5 27.Qf4 Qa5 28.Re2 Qc3 29.Rf2 Qc7
30.Re2 a5 31.Kh2 Qc3 32.Qg3 Qa1 33.Qf4 Rd4 34.Qf6 Qc1 35.Rf2 Qc7 36.Re2 h4
37.Re1 Qb7 38.Re2 Qc7 39.Re1 Qc3 40.Rf1 Qc7 41.Re1  1/2-1/2

[Event "Swiss Queens Wed #22 2024"]
[Site "FIDE Online Arena INT"]
[Date "2024.06.26"]
[Round "1.24"]
[White "Dudipalli,Hamsini"]
[Black "Krush,I"]
[Result "0-1"]
[WhiteElo "1457"]
[BlackElo "2415"]

1.e4 c5 2.Nf3 d6 3.d4 cxd4 4.Nxd4 Nf6 5.Nc3 Nc6 6.Be3 Ng4 7.Bb5 Nxe3 8.fxe3 Bd7
9.Nxc6 bxc6 10.Bd3 g6 11.O-O Bg7 12.Qf3 O-O 13.Rad1 Rb8 14.Rb1 Qa5 15.Nd1 Qxa2
16.b3 Qxb1 17.Nf2 Qb2 18.Nd1 Qe5 19.Qf4 a5 20.Nf2 Rb4 21.Qxe5 Bxe5 22.Be2 a4
23.bxa4 Rxa4 24.Nd3 Rxe4 25.Bf3 Rxe3 26.Nxe5 Rxe5 27.Rd1 Rc5 28.Kf2 Rxc2+
29.Kg3 f5 30.Re1 g5 31.h3 e5 32.Be2 f4+ 33.Kh2 e4 34.Ba6 f3  0-1

[Event "Swiss Queens Wed #22 2024"]
[Site "FIDE Online Arena INT"]
[Date "2024.06.26"]
[Round "2.249"]
[White "Krush,I"]
[Black "Bubnova,Uliana"]
[Result "1/2-1/2"]
[WhiteElo "2415"]
[BlackElo "1821"]

1.d4 Nf6 2.c4 e6 3.Nc3 Bb4 4.e3 O-O 5.Bd3 Re8 6.Ne2 d6 7.e4 e5 8.d5 a5 9.O-O Na6
10.Na4 Bd7 11.a3 Bc5 12.Nxc5 Nxc5 13.b3 Ncxe4 14.Rb1 Nc5 15.Bc2 Bg4 16.f3 Bh5
17.b4 axb4 18.axb4 Ncd7 19.Ng3 Bg6 20.Nf5 Bxf5 21.Bxf5 e4 22.fxe4 Nxe4 23.Bxh7+ Kxh7
24.Qh5+ Kg8 25.Qxf7+ Kh7 26.Rb3 Qh4 27.Rh3 Qxh3 28.gxh3 Ndf6 29.Qxc7 Rac8
30.Qxb7 Rxc4 31.Bb2 Rc2 32.Bxf6 Nxf6 33.Rxf6 Ree2 34.Rf3 Rg2+ 35.Kf1 Rxh2
36.Kg1 Rhg2+ 37.Kf1 Rh2 38.Kg1 Rhg2+ 39.Kf1 Rh2  1/2-1/2

[Event "Swiss Queens Wed #22 2024"]
[Site "FIDE Online Arena INT"]
[Date "2024.06.26"]
[Round "3.214"]
[White "Mikhailova,I"]
[Black "Krush,I"]
[Result "1/2-1/2"]
[WhiteElo "2156"]
[BlackElo "2415"]

1.d4 Nf6 2.Nf3 g6 3.c4 Bg7 4.Nc3 O-O 5.e4 d6 6.Be2 Nbd7 7.O-O e5 8.Be3 Qe7
9.d5 Ng4 10.Bg5 f6 11.Bh4 g5 12.Bg3 Nh6 13.Nd2 f5 14.f3 Nf6 15.exf5 Bxf5
16.Nde4 Nh5 17.c5 Nxg3 18.hxg3 g4 19.fxg4 Bg6 20.Qd2 Nf7 21.cxd6 cxd6 22.g5 h6
23.Bg4 Nxg5 24.Nxg5 Qxg5 25.Qxg5 hxg5 26.Be6+ Kh7 27.Rxf8 Rxf8 28.Rf1 Rxf1+
29.Kxf1 Bd3+ 30.Kf2 Kg6 31.g4 a6 32.Ke3 Bf1 33.g3 Bf6 34.Ne4 Be7 35.b3 Bg2
36.Nd2 Bd8 37.Nc4 Bc7 38.a4 b5 39.axb5 axb5 40.Nd2 Bb6+ 41.Kd3 Kf6 42.Ne4+ Bxe4+
43.Kxe4 Bc5 44.Kf3 b4 45.Ke4 Kg6 46.Bd7 Kf6 47.Be6 Bf2 48.Kf3 Bd4 49.Ke4 Bc5
50.Kf3 Bd4 51.Ke4 Bc5 52.Kf3 Bd4  1/2-1/2

[Event "Swiss Queens Wed #22 2024"]
[Site "FIDE Online Arena INT"]
[Date "2024.06.26"]
[Round "4.186"]
[White "Krush,I"]
[Black "Priyanka,Nutakki"]
[Result "1-0"]
[WhiteElo "2415"]
[BlackElo "2322"]

1.d4 g6 2.c4 Bg7 3.e4 d6 4.Nc3 Nc6 5.Be3 e5 6.d5 Nce7 7.Bd3 h6 8.c5 f5 9.cxd6 cxd6
10.f3 Nf6 11.Nge2 O-O 12.O-O f4 13.Bf2 g5 14.Kh1 h5 15.Rc1 g4 16.Nb5 Ne8
17.Nxa7 Bd7 18.Qb3 Rb8 19.Bb6 gxf3 20.gxf3 Nc7 21.Bxc7 Qe8 22.Bxd6 Ng6 23.Bxb8 Qxb8
24.Nb5 Nh4 25.Rc7 Bxb5 26.Rxg7+ Kxg7 27.Qxb5 Qc8 28.Rg1+ Kh7 29.Nc3 Rf7 30.Be2 Rg7
31.Rxg7+ Kxg7 32.Qb6 Qh3 33.Qf2 Ng6 34.a4 Qc8 35.Qg2 h4 36.Qg5 h3 37.Qg1 Kh6
38.Bf1 Nh4 39.Qf2 Ng6 40.a5 Qc7 41.Be2 Qd8 42.Bf1 Qc8 43.Qg1 Qc7 44.Qg4 Qxa5
45.Qxh3+ Kg7 46.Qd7+ Kh6 47.Qh3+ Kg7 48.Qg4 Qa1 49.Kg1 Qxb2 50.Nb5 Qd2 51.Nd6 Qe3+
52.Kh1 Kh7 53.Nf5 Nf8 54.Qh5+ Kg8 55.Nxe3 fxe3 56.Qg5+ Kf7 57.Qxe3 Ke7 58.Bh3 Nd7
59.Bxd7 Kxd7 60.Qb6 Ke7 61.d6+ Kf7 62.Qxb7+ Ke6 63.Qc7 Kf6 64.d7 Kg6 65.d8=Q Kh6
66.Qce7 Kh5 67.Qde8+ Kh6 68.Qh8+ Kg6 69.Qeg7+  1-0

[Event "Swiss Queens Wed #22 2024"]
[Site "FIDE Online Arena INT"]
[Date "2024.06.26"]
[Round "5.160"]
[White "Krush,I"]
[Black "Batsiashvili,N"]
[Result "0-1"]
[WhiteElo "2415"]
[BlackElo "2450"]

1.d4 Nf6 2.c4 c5 3.d5 b5 4.cxb5 a6 5.bxa6 e6 6.Nc3 exd5 7.Nxd5 Nxa6 8.e4 Nxd5
9.Qxd5 Nc7 10.Qd1 Qf6 11.Nf3 Bb7 12.Bc4 Bxe4 13.Qe2 Qe7 14.O-O d5 15.Bd3 f5
16.Ng5 g6 17.Bf4 O-O-O 18.Ba6+ Kd7 19.f3 h6 20.Nh3 Bg7 21.fxe4 fxe4 22.Rac1 Bd4+
23.Kh1 g5 24.Bg3 Rhf8 25.Bb5+ Kc8 26.Bc6 Qe6 27.Ba4 Qb6 28.b3 Ne6 29.Nf2 Nf4
30.Qc2 Kb7 31.Nxe4 dxe4 32.Qxe4+ Ka7 33.Qe7+ Qb7 34.Qxb7+ Kxb7 35.Bb5 Kb6
36.Bc4 Rfe8 37.a4 Be3 38.Rcd1 Rxd1 39.Rxd1 Bd4 40.h3 Re3 41.Bf2 Rc3 42.Bxd4 cxd4
43.Rxd4 Rc1+ 44.Kh2 Rc2 45.Rd6+ Kc5 46.Rxh6 Rxg2+ 47.Kh1 Rc2 48.Rf6 Kd4 49.Rf5 Ke3
50.Rxg5 Rc1+ 51.Kh2 Rc2+ 52.Kh1 Kf3 53.h4 Nh3 54.Rf5+ Kg3  0-1

[Event "Swiss Queens Wed #22 2024"]
[Site "FIDE Online Arena INT"]
[Date "2024.06.26"]
[Round "6.129"]
[White "Avramidou,Anastasia"]
[Black "Krush,I"]
[Result "1/2-1/2"]
[WhiteElo "2296"]
[BlackElo "2415"]

1.Nf3 d5 2.d4 Nf6 3.c4 dxc4 4.e3 e6 5.Bxc4 c5 6.O-O a6 7.dxc5 Bxc5 8.Qxd8+ Kxd8
9.Rd1+ Ke7 10.b3 Nbd7 11.Bb2 b6 12.Nbd2 Bb7 13.Rac1 Rhd8 14.Kf1 Rac8 15.h3 g6
16.a3 b5 17.Be2 Ne4 18.Nxe4 Bxe4 19.Ng5 Bd5 20.b4 Bd6 21.e4 Rxc1 22.Bxc1 h6
23.exd5 hxg5 24.dxe6 Kxe6 25.Bxg5 Rc8 26.Bf3 Nb6 27.Bb7 Rc3 28.Bxa6 Rxa3
29.Bxb5 Bxb4 30.Be3 Ra5 31.Be2 Nd5 32.Bc4 Ke5 33.Bxd5 Rxd5 34.Rb1 Bd6 35.Ke2 Ke6
36.g3 Kf6 37.h4 Be5 38.Rb7 Kg7 39.Kf3 Bf6 40.Kg2 Rf5 41.Bf4 Rd5 42.Be3 Ra5
43.Rd7 Rb5 44.Bd4 Bxd4 45.Rxd4 Ra5 46.g4 Rb5 47.Kg3 Ra5 48.f3 Rb5 49.Re4 Ra5
50.Rf4 Rb5 51.Rd4 Ra5 52.Kf4 Rb5 53.Re4 Ra5 54.g5 Rb5 55.Kg4 Ra5 56.f4 Rb5
57.h5 gxh5+ 58.Kxh5 Ra5 59.Kg4 Ra1 60.f5 Rg1+ 61.Kf4 Rf1+ 62.Ke5 Rg1 63.Kf4 Rf1+
64.Kg4 Rg1+ 65.Kf4  1/2-1/2

[Event "Swiss Queens Wed #22 2024"]
[Site "FIDE Online Arena INT"]
[Date "2024.06.26"]
[Round "7.101"]
[White "Krush,I"]
[Black "Tarasenka,Aliaksandra"]
[Result "0-1"]
[WhiteElo "2415"]
[BlackElo "1892"]

1.d4 d5 2.c4 dxc4 3.Nf3 Nf6 4.e3 Bg4 5.Bxc4 e6 6.h3 Bh5 7.Nc3 Nc6 8.g4 Bg6
9.Nh4 a6 10.Nxg6 hxg6 11.g5 Nd5 12.Qg4 Be7 13.Rg1 Ndb4 14.Bb3 Nd3+ 15.Ke2 Nxc1+
16.Raxc1 Na5 17.Bc2 Nc4 18.b3 Nd6 19.Be4 Qd7 20.Qf3 O-O-O 21.Rg4 Kb8 22.h4 f5
23.gxf6 gxf6 24.Rxg6 f5 25.Bd3 Rxh4 26.Rg7 Qe8 27.Qg3 Bf6 28.Rg6 Qe7 29.Na4 f4
30.exf4 Bxd4 31.Nc3 Rf8  0-1

[Event "Swiss Queens Wed #22 2024"]
[Site "FIDE Online Arena INT"]
[Date "2024.06.26"]
[Round "8.69"]
[White "Rojickova,Monika"]
[Black "Krush,I"]
[Result "0-1"]
[WhiteElo "2103"]
[BlackElo "2415"]

1.e4 c5 2.Nf3 d6 3.d4 cxd4 4.Nxd4 Nf6 5.Nc3 Nc6 6.Bg5 e6 7.Qd2 a6 8.f4 h6
9.Bh4 Nxe4 10.Bxd8 Nxd2 11.Bb6 Nxf1 12.Rxf1 Bd7 13.O-O-O Be7 14.g3 O-O 15.Nxc6 Bxc6
16.Bc7 d5 17.Rfe1 b5 18.a3 a5 19.Ne2 b4 20.axb4 axb4 21.Nd4 Bd7 22.Nb3 Rfc8
23.Be5 Ba4 24.Re3 Rc4 25.Kd2 Rac8 26.Nd4 Bxc2 27.Nxc2 Rxc2+ 28.Kd3 Rxh2 29.Bd4 Rcc2
30.g4 Bc5 31.Bxc5 Rxc5 32.Ra1 Rxb2  0-1

[Event "Swiss Queens Wed #22 2024"]
[Site "FIDE Online Arena INT"]
[Date "2024.06.26"]
[Round "9.51"]
[White "Krush,I"]
[Black "Poliakova,Varvara"]
[Result "1-0"]
[WhiteElo "2415"]
[BlackElo "1981"]

1.d4 Nf6 2.c4 e6 3.Nc3 Bb4 4.e3 O-O 5.Bd3 c5 6.Nf3 d6 7.O-O Bxc3 8.bxc3 b6
9.e4 Ne8 10.e5 Nc6 11.Bxh7+ Kxh7 12.Ng5+ Kg6 13.Qd3+ f5 14.exf6 Kxf6 15.Nh7+ Ke7
16.Nxf8 Kxf8 17.Qf3+ Kg8 18.Qxc6 Rb8 19.Qe4 Qf6 20.Re1 Nc7 21.Qc6 Qd8 22.Bg5 Qd7
23.Qxd7 Bxd7 24.Be7 Ne8 25.dxc5 dxc5 26.Rad1 Rb7 27.Bg5 Kf7 28.Rd3 Ba4 29.h4 Nf6
30.Re2 Ne8 31.Red2 b5 32.cxb5 Bxb5 33.Rf3+ Kg6 34.Rd8 Nf6 35.Bxf6 gxf6 36.Rg3+ Kf5
37.h5 Rh7 38.Rh3 Be2 39.h6 Bg4 40.Rh4 Kg5 41.g3 f5 42.Rg8+ Kf6 43.Rb8 Be2
44.Rc8 c4 45.Rc6 Kg5 46.Rc5 Bd3 47.Re5 Kf6 48.Ra5 Be4 49.Ra6 Rb7 50.f3 Bxf3
51.h7 Rb1+ 52.Kf2 Bb7 53.h8=Q+ Kg5 54.Qh6+  1-0

[Event "Swiss Queens Wed #22 2024"]
[Site "FIDE Online Arena INT"]
[Date "2024.06.26"]
[Round "10.31"]
[White "Chitlange,Sakshi"]
[Black "Krush,I"]
[Result "1-0"]
[WhiteElo "2173"]
[BlackElo "2415"]

1.d4 Nf6 2.c4 g6 3.Nc3 Bg7 4.e4 d6 5.Be2 O-O 6.Bg5 c5 7.d5 a6 8.Qd2 b5 9.cxb5 axb5
10.Bxb5 Qa5 11.Bc4 Qb4 12.Bd3 Nbd7 13.Nf3 c4 14.Be2 Nc5 15.O-O Bd7 16.Rfe1 Rfb8
17.Bxf6 Bxf6 18.Rab1 Na4 19.Nxa4 Rxa4 20.Qxb4 Raxb4 21.b3 cxb3 22.Rxb3 Rxb3
23.axb3 Rxb3 24.Bc4 Rc3 25.Bf1 Rc5 26.Rd1 Ra5 27.h3 g5 28.Nd2 Ra2 29.Nc4 Kg7
30.Re1 Bd4 31.Ne3 Kg6 32.Bd3 Kf6 33.Bc4 Rb2 34.Re2 Rb1+ 35.Kh2 Bc5 36.Ng4+ Kg7
37.Bd3 h5 38.Bxb1 hxg4 39.hxg4 Bxg4 40.f3 Bd7 41.Ra2 Kf6 42.Ra6  1-0

[Event "Swiss Queens Wed #22 2024"]
[Site "FIDE Online Arena INT"]
[Date "2024.06.26"]
[Round "11.11"]
[White "Krush,I"]
[Black "Peycheva,Gergana"]
[Result "1-0"]
[WhiteElo "2415"]
[BlackElo "2266"]

1.d4 d5 2.c4 e6 3.Nc3 Nf6 4.cxd5 exd5 5.Bg5 c6 6.e3 Be7 7.Bd3 h6 8.Bf4 O-O
9.h3 Re8 10.Qc2 Bd6 11.Bxd6 Qxd6 12.Nf3 Be6 13.O-O-O Nbd7 14.g4 c5 15.g5 hxg5
16.Nxg5 cxd4 17.exd4 Qf4+ 18.Qd2 Qxd2+ 19.Kxd2 Nb6 20.b3 a6 21.Rde1 Nc8 22.Re5 Nd6
23.Rhe1 Nd7 24.R5e3 Nf8 25.h4 Red8 26.h5 b5 27.Rg3 b4 28.Ne2 Nf5 29.Rg2 Nh4
30.Rg3 Nf5 31.Rf3 Nh4 32.Rf4 Ng2 33.Rg1 Nxf4 34.Nxf4 Bd7 35.Nxd5 f6 36.Ne7+ Kh8
37.Nf7+  1-0

[Event "Swiss Queens Wed #23 2024"]
[Site "FIDE Online Arena INT"]
[Date "2024.07.03"]
[Round "1.48"]
[White "Mitrofanova,Olga"]
[Black "Krush,I"]
[Result "1-0"]
[WhiteElo "1564"]
[BlackElo "2405"]

1.d4 Nf6 2.c4 g6 3.Nc3 Bg7 4.Bf4 O-O 5.Nf3 c5 6.e3 cxd4 7.exd4 d5 8.c5 Bg4
9.Be2 Nc6 10.O-O Ne4 11.a3 Nxc3 12.bxc3 b6 13.cxb6 axb6 14.h3 Bf5 15.Bd3 Bxd3
16.Qxd3 Na5 17.Ne5 Bxe5 18.Bxe5 Nc4 19.Bg3 Rxa3 20.Rxa3 Nxa3 21.Ra1 Nc4 22.Ra7 e6
23.Bc7 Qg5 24.Qb1 h5 25.Bxb6 Rb8 26.Ra6 Qe7 27.Qb5 Qd6 28.Bc5 Qf4 29.Bb6 Qd6
30.Bc5 Qc7 31.g3 Rxb5 32.Ra8+ Rb8 33.Ra1 Kg7 34.Rf1 Rb3 35.Bb4 Qa7 36.Kg2 Qa2
37.g4 h4 38.Kf3 Rxb4 39.cxb4 Qa1 40.Rxa1 g5 41.b5 f5 42.gxf5 exf5 43.Rc1 Nd6
44.b6 Kf6 45.Rc6 Ke6 46.b7  1-0

[Event "Swiss Queens Wed #23 2024"]
[Site "FIDE Online Arena INT"]
[Date "2024.07.03"]
[Round "2.5"]
[White "Krush,I"]
[Black "Vonti Sri Guruvarshini"]
[Result "1-0"]
[WhiteElo "2405"]
[BlackElo "1447"]

1.d4 d5 2.c4 e6 3.Nc3 Nf6 4.cxd5 exd5 5.Bg5 Be7 6.e3 O-O 7.Bd3 h6 8.Bf4 a6
9.h3 Nbd7 10.Nf3 b6 11.O-O Bb7 12.Ne5 Rc8 13.Qe2 c5 14.Bxa6 Nxe5 15.Bxb7 Rb8
16.dxe5 Rxb7 17.exf6 Bxf6 18.Rfd1 d4 19.exd4 Bxd4 20.Nb5 Qf6 21.Nxd4 Qxf4
22.Qf3 Qxf3 23.Nxf3 Re8 24.Re1 Ra8 25.a3 b5 26.Re5 c4 27.Rae1 b4 28.Re8+ Rxe8
29.Rxe8+ Kh7 30.axb4 Rxb4 31.Re2 Rb3 32.Rc2 Kg6 33.Ne5+ Kf6 34.Nxc4 Ke6 35.Kf1 Kd5
36.Ke2 Rb4 37.Ne3+ Ke6 38.Kd3 Kd6 39.Kc3 Rb8 40.b4 Rc8+ 41.Kd4 Rb8 42.Kc4 Rc8+
43.Kb3 Rb8 44.Rc5 f6 45.Kc4 g6 46.b5 f5 47.Rc6+ Kd7 48.Kc5 Rb7 49.Rxg6  1-0

[Event "Swiss Queens Wed #23 2024"]
[Site "FIDE Online Arena INT"]
[Date "2024.07.03"]
[Round "3.236"]
[White "Krush,I"]
[Black "Lesbekova,Assel"]
[Result "1-0"]
[WhiteElo "2405"]
[BlackElo "1903"]

1.d4 Nf6 2.c4 e6 3.Nc3 Bb4 4.e3 b6 5.Ne2 Bb7 6.a3 Be7 7.d5 exd5 8.cxd5 d6
9.Ng3 Nbd7 10.Nf5 O-O 11.Be2 Re8 12.Nxe7+ Qxe7 13.O-O Rad8 14.f3 c6 15.dxc6 Bxc6
16.e4 Nf8 17.Bg5 h6 18.Bxf6 Qxf6 19.Bc4 Ng6 20.Bd5 Bd7 21.Qd2 Be6 22.Rad1 Nf4
23.Kh1 Bxd5 24.Nxd5 Nxd5 25.Qxd5 Qxb2 26.a4 Qb4 27.Rd4 Qc5 28.Rfd1 Qxd5 29.Rxd5 Rc8
30.Rxd6 Rc4 31.R6d4 Rec8 32.h4 Kf8 33.Kh2 Ke7 34.Rd7+ Ke8 35.Rxa7 Rd8 36.Rxd8+ Kxd8
37.Rxf7 Rxa4 38.Rxg7 Rb4 39.Rh7 Rb1 40.Rxh6 b5 41.h5 b4 42.Rb6 b3 43.h6 Kc7
44.Rb4 Kc6 45.h7  1-0

[Event "Swiss Queens Wed #23 2024"]
[Site "FIDE Online Arena INT"]
[Date "2024.07.03"]
[Round "4.210"]
[White "Hrebenshchykova,Yelyzaveta"]
[Black "Krush,I"]
[Result "0-1"]
[WhiteElo "2301"]
[BlackElo "2405"]

1.e4 c5 2.Nf3 d6 3.d4 cxd4 4.Nxd4 Nf6 5.Nc3 Nc6 6.Bc4 e6 7.Be3 a6 8.Qe2 Qc7
9.O-O-O Bd7 10.f3 Rc8 11.Bb3 Na5 12.Kb1 Nc4 13.Bc1 Be7 14.g4 O-O 15.h4 b5
16.h5 b4 17.Na4 Bb5 18.Nxb5 axb5 19.Bxc4 bxc4 20.g5 Nd7 21.g6 Bf6 22.h6 fxg6
23.hxg7 Rf7 24.f4 Rxg7 25.Qg4 Re8 26.Rh2 Qc6 27.b3 cxb3 28.axb3 Nc5 29.Nxc5 Qxc5
30.Rd3 Ra7 31.e5 dxe5 32.Bb2 Bg7 33.Qh4 Bh8 34.Re2 exf4 35.Bxh8 Kxh8 36.Qf6+ Kg8
37.Rd4 Qc6 38.Re5 Qh1+ 39.Kb2 Qa1+  0-1

[Event "Swiss Queens Wed #23 2024"]
[Site "FIDE Online Arena INT"]
[Date "2024.07.03"]
[Round "5.183"]
[White "Krush,I"]
[Black "Peycheva,Gergana"]
[Result "1/2-1/2"]
[WhiteElo "2405"]
[BlackElo "2261"]

1.d4 Nf6 2.c4 e6 3.Nc3 d5 4.cxd5 exd5 5.Bg5 h6 6.Bh4 c6 7.e3 Be7 8.Bd3 O-O
9.Nf3 Re8 10.Qc2 Ne4 11.Bg3 Bf5 12.O-O Nxg3 13.hxg3 Bxd3 14.Qxd3 Nd7 15.Rab1 a5
16.a4 Bd6 17.Qf5 Nf6 18.Ne5 Qc8 19.Qxc8 Raxc8 20.Nd3 Ne4 21.Rfc1 Nd2 22.Ra1 Nb3
23.Ne2 Nxa1 24.Rxa1 c5 25.dxc5 Bxc5 26.Rd1 Red8 27.Nxc5 Rxc5 28.Nd4 Rc4 29.b3 Rc3
30.g4 Kf8 31.Kh2 Ke7 32.Kg3 Rdc8 33.Nf5+ Kf6 34.Nd4 g6 35.Rh1 Kg7 36.Kf3 R3c7
37.Rd1 Rc3 38.Rd2 Rc1 39.Rd3 R1c3 40.Rd2 Rc1 41.Rd3 R1c3 42.Rd2  1/2-1/2

[Event "Swiss Queens Wed #23 2024"]
[Site "FIDE Online Arena INT"]
[Date "2024.07.03"]
[Round "6.154"]
[White "Gomez Barrera,Javiera Belen"]
[Black "Krush,I"]
[Result "0-1"]
[WhiteElo "2193"]
[BlackElo "2405"]

1.e4 c5 2.Nf3 d6 3.d4 cxd4 4.Nxd4 Nf6 5.Nc3 Nc6 6.Bg5 e6 7.Qd3 Bd7 8.Ndb5 Nb4
9.Qd2 a6 10.Nd4 Be7 11.h4 O-O 12.f4 Rc8 13.a3 Nc6 14.Nf3 Qc7 15.Bd3 b5 16.g4 b4
17.axb4 Nxb4 18.e5 dxe5 19.fxe5 Nfd5 20.Nxd5 Nxd5 21.Bxe7 Nxe7 22.Qg5 Bc6
23.Rh3 h6 24.Qe3 Bxf3 25.Rxf3 Nc6 26.g5 h5 27.Qe4 Qxe5 28.Rxa6 Qxe4+ 29.Bxe4 Nb4
30.Ra7 Nxc2+ 31.Bxc2 Rxc2 32.b4 Rb2 33.Rf4 g6 34.Rd7 Ra8 35.Rd1 Rb8 36.Rd7 Ra8
37.Rd1 Kf8 38.Rd8+ Rxd8  0-1

[Event "Swiss Queens Wed #23 2024"]
[Site "FIDE Online Arena INT"]
[Date "2024.07.03"]
[Round "7.127"]
[White "Krush,I"]
[Black "Saranya Devi Narahari"]
[Result "1-0"]
[WhiteElo "2405"]
[BlackElo "1676"]

1.d4 Nf6 2.c4 e6 3.Nc3 Bb4 4.e3 O-O 5.Bd2 Re8 6.Nf3 d5 7.Rc1 b6 8.cxd5 Nxd5
9.Nxd5 Bxd2+ 10.Qxd2 exd5 11.Bd3 Bb7 12.Qc2 g6 13.Qxc7 Qxc7 14.Rxc7 Bc6 15.Ne5 Re6
16.Nxf7 Na6 17.Bxa6 Rf8 18.Ne5  1-0

[Event "Swiss Queens Wed #23 2024"]
[Site "FIDE Online Arena INT"]
[Date "2024.07.03"]
[Round "8.102"]
[White "Tarasenka,Aliaksandra"]
[Black "Krush,I"]
[Result "1-0"]
[WhiteElo "1892"]
[BlackElo "2405"]

1.e4 c5 2.Nc3 e6 3.d4 cxd4 4.Qxd4 Nc6 5.Qd3 a6 6.Bf4 e5 7.Be3 Nf6 8.O-O-O d6
9.f3 Be7 10.g4 Be6 11.Kb1 O-O 12.Nge2 Rc8 13.Ng3 Nb4 14.Qd2 d5 15.g5 d4 16.gxf6 Bxf6
17.Nd5 Nxd5 18.exd5 Qxd5 19.c4 Rxc4 20.Bxc4 Qxc4 21.b3 dxe3 22.bxc4 exd2
23.Rxd2 Bxc4 24.Ne4 Be7 25.Rd7 Ba3 26.Rg1 b5 27.h4 g6 28.h5 Kg7 29.Rh1 Be6
30.Ra7 Kg8 31.hxg6 hxg6 32.Rxa6 Bf5 33.Rxa3  1-0

[Event "Swiss Queens Wed #23 2024"]
[Site "FIDE Online Arena INT"]
[Date "2024.07.03"]
[Round "9.72"]
[White "Krush,I"]
[Black "Mkrtchyan,Mariam"]
[Result "1-0"]
[WhiteElo "2405"]
[BlackElo "2328"]

1.d4 d6 2.Nf3 Nd7 3.c4 e5 4.Nc3 Ngf6 5.e4 Be7 6.Be2 O-O 7.O-O c6 8.Qc2 Qc7
9.Rd1 Re8 10.Rb1 a5 11.d5 Nf8 12.Ne1 Ng6 13.Be3 Nf4 14.Nd3 Nxd3 15.Qxd3 c5
16.g3 Bd7 17.f3 g6 18.Kh1 h5 19.h4 Bf8 20.Kh2 Kh7 21.Bg5 Ng8 22.Bf1 Bh6 23.Bh3 f6
24.Bd2 Rf8 25.Nb5 Bxb5 26.cxb5 Bxd2 27.Rxd2 Ne7 28.Be6 b6 29.f4 a4 30.Rf1 Kg7
31.Rdf2 a3 32.b3 c4 33.bxc4 Qc5 34.fxe5 fxe5 35.Rxf8 Rxf8 36.Rxf8 Kxf8 37.Qf3+ Kg7
38.Qf7+ Kh8 39.Qf8+ Kh7 40.Qxe7+ Kh6 41.Qf8+ Kh7 42.Bg8+ Kh8 43.Bf7+ Kh7
44.Qg8+ Kh6 45.Qh8+  1-0

[Event "Swiss Queens Wed #23 2024"]
[Site "FIDE Online Arena INT"]
[Date "2024.07.03"]
[Round "10.46"]
[White "Kamenskaya,Marina"]
[Black "Krush,I"]
[Result "0-1"]
[WhiteElo "1819"]
[BlackElo "2405"]

1.d4 Nf6 2.Nf3 g6 3.c4 Bg7 4.Nc3 O-O 5.e4 d6 6.Be2 Nbd7 7.Be3 e5 8.d5 Ng4
9.Bg5 f6 10.Bh4 Nh6 11.Nd2 a5 12.f3 Nc5 13.Bf2 f5 14.Rc1 b6 15.a3 a4 16.Nb5 fxe4
17.Nxe4 Nxe4 18.fxe4 Bd7 19.O-O Nf7 20.b3 Bh6 21.Rc3 axb3 22.Qxb3 Bf4 23.a4 Ng5
24.Bf3 Nxf3+ 25.Rxf3 Bg4 26.Rc3 Rf7 27.h3 Be2 28.Re1 Bh5 29.Ra1 Qg5 30.a5 bxa5
31.c5 Rb8 32.cxd6 cxd6 33.Qa4 Bh2+ 34.Kxh2 Rxf2 35.Rg3 Qf4 36.Nxd6 Rf8 37.Qd7 Rxg2+
38.Kxg2 Qf2+ 39.Kh1 Qxg3 40.Qe6+ Kg7 41.Nf5+ Rxf5 42.exf5 Bf3+  0-1

[Event "Swiss Queens Wed #23 2024"]
[Site "FIDE Online Arena INT"]
[Date "2024.07.03"]
[Round "11.24"]
[White "Kosteniuk,A"]
[Black "Krush,I"]
[Result "1-0"]
[WhiteElo "2488"]
[BlackElo "2405"]

1.e4 c5 2.d4 cxd4 3.Qxd4 Nc6 4.Qd3 Nf6 5.Nc3 e6 6.Bf4 d6 7.O-O-O e5 8.Bg5 a6
9.Nd5 Be7 10.Nxe7 Qxe7 11.Bxf6 Qxf6 12.Qxd6 Qxf2 13.Nf3 Be6 14.Bd3 Rd8 15.Qc7 Qxg2
16.Qxb7 O-O 17.Qxc6 Qxf3 18.Rhf1 Qe3+ 19.Kb1 a5 20.Qc3 f6 21.Bc4 Qb6 22.Bxe6+ Qxe6
23.Qxa5 Qe7 24.a3 Rb8 25.Rd3 h6 26.Rg1 Qb7 27.Qd5+ Kh7 28.Qxb7 Rxb7 29.Rb3 Rd7
30.Rd3 Rc7 31.c3 Rff7 32.Kc2 g6 33.b4 f5 34.Rd6 Rg7 35.Re6 Rce7 36.Rxe7 Rxe7
37.Re1 f4 38.b5 g5 39.a4 g4 40.b6 h5 41.a5 Re6 42.b7 Re8 43.a6 Rb8 44.a7 Rxb7
45.a8=Q  1-0

[Event "Swiss Queens Wed #24 2024"]
[Site "FIDE Online Arena INT"]
[Date "2024.07.10"]
[Round "2.222"]
[White "Kaushika,Sridharan"]
[Black "Krush,I"]
[Result "0-1"]
[WhiteElo "1671"]
[BlackElo "2405"]

1.e4 c5 2.Nf3 d6 3.Bb5+ Bd7 4.Bxd7+ Qxd7 5.O-O Nf6 6.Re1 Nc6 7.c3 e6 8.d4 cxd4
9.cxd4 d5 10.Nc3 dxe4 11.Nxe4 Nxe4 12.Rxe4 Qd5 13.Re2 Be7 14.Be3 O-O 15.Qa4 Rfd8
16.Rd1 h6 17.Red2 Rac8 18.h3 a6 19.Ne5 Bd6 20.Nxc6 Rxc6 21.Rc2 Rdc8 22.Rdc1 b5
23.Rxc6 Rxc6 24.Qb3 Rxc1+ 25.Bxc1 Qxd4 26.Qc2 Qc5 27.Qxc5 Bxc5 28.b3 f5 29.Kf1 e5
30.Ke2 Kf7 31.Bb2 Ke6 32.g3 h5 33.f3 g6 34.h4 Kd5 35.Kd3 Bf2 36.f4 exf4 37.gxf4 Bxh4
38.Be5 Bg3 39.Ke3 g5 40.Kf3 Bxf4 41.Bxf4 gxf4 42.Kxf4 h4 43.b4  0-1

[Event "Swiss Queens Wed #24 2024"]
[Site "FIDE Online Arena INT"]
[Date "2024.07.10"]
[Round "3.200"]
[White "Krush,I"]
[Black "Savitha,Shri B"]
[Result "1-0"]
[WhiteElo "2405"]
[BlackElo "2361"]

1.d4 Nf6 2.c4 g6 3.Nc3 Bg7 4.e4 O-O 5.Nf3 d6 6.Be2 e5 7.O-O Nc6 8.d5 Ne7
9.Ne1 Ne8 10.Be3 f5 11.f3 f4 12.Bf2 g5 13.c5 h5 14.Rc1 Ng6 15.a4 a6 16.a5 Rf7
17.cxd6 Nxd6 18.Na4 g4 19.Nc5 Qg5 20.Kh1 g3 21.Bg1 Qh4 22.Ne6 Bxe6 23.dxe6 Re7
24.h3 Nf8 25.Qb3 Nxe6 26.Nd3 Kh7 27.Rfd1 Ng5 28.Bf1 Ndxe4 29.Qc2 Kh8 30.fxe4 f3
31.Bc5 Rf7 32.gxf3 Nxh3 33.Bxh3 Qxh3+ 34.Kg1 Bh6 35.Qg2 Qh4 36.Nxe5 Rg7 37.Rc3 Bf4
38.Nd3 Bh6 39.Bd4 Rf8 40.Ne5 Kh7 41.Rcd3 Re7 42.Nc4 Rd7 43.Be3 Rxd3 44.Rxd3 Bg7
45.e5 Qxc4 46.Qd2 h4 47.Kg2 h3+ 48.Kxh3 Qe6+ 49.Kg2 Rf7 50.Rd4 Bxe5 51.Qd3+ Kg8
52.Rg4+ Kf8 53.Qd8+ Qe8 54.Rg8+ Kxg8 55.Qxe8+ Kg7 56.Qxe5+  1-0

[Event "Swiss Queens Wed #24 2024"]
[Site "FIDE Online Arena INT"]
[Date "2024.07.10"]
[Round "4.176"]
[White "Kurmangaliyeva,Liya"]
[Black "Krush,I"]
[Result "0-1"]
[WhiteElo "2230"]
[BlackElo "2405"]

1.e4 c5 2.Nf3 d6 3.d4 cxd4 4.Nxd4 Nf6 5.Nc3 Nc6 6.Bg5 e6 7.Qd2 a6 8.O-O-O Bd7
9.Kb1 Be7 10.Nxc6 Bxc6 11.f3 O-O 12.h4 b5 13.g4 b4 14.Ne2 d5 15.e5 Nd7 16.f4 Bb5
17.Nd4 Nc5 18.Bxb5 Ne4 19.Qh2 axb5 20.Nc6 Qc7 21.Nxe7+ Kh8 22.f5 Rxa2 23.f6 Rfa8
24.fxg7+ Kxg7 25.Bf6+ Kf8 26.c3 b3  0-1

[Event "Swiss Queens Wed #24 2024"]
[Site "FIDE Online Arena INT"]
[Date "2024.07.10"]
[Round "5.154"]
[White "Krush,I"]
[Black "Salimova,Nurgyul"]
[Result "1-0"]
[WhiteElo "2405"]
[BlackElo "2449"]

1.d4 Nf6 2.c4 e6 3.Nc3 Bb4 4.e3 O-O 5.Bd3 d5 6.cxd5 exd5 7.Ne2 a6 8.Bd2 Re8
9.O-O Bd6 10.Rc1 b5 11.Nf4 Bb7 12.Nce2 Nbd7 13.Ba5 Rc8 14.Qd2 Qe7 15.a3 Ne4
16.Bxe4 dxe4 17.Rc3 c5 18.dxc5 Nxc5 19.Rfc1 g5 20.Nh5 Nd3 21.Rxc8 Rxc8 22.Rxc8+ Bxc8
23.Qc3 Qf8 24.Nf6+ Kh8 25.Nxe4+ Be5 26.Qxd3 Bf5 27.Bc3 Bxc3 28.Qxc3+ Kg8
29.Nf6+ Kh8 30.Nd7+  1-0

[Event "Swiss Queens Wed #24 2024"]
[Site "FIDE Online Arena INT"]
[Date "2024.07.10"]
[Round "6.131"]
[White "Arabidze,M"]
[Black "Krush,I"]
[Result "1-0"]
[WhiteElo "2457"]
[BlackElo "2405"]

1.d4 Nf6 2.c4 g6 3.g3 Bg7 4.Bg2 d6 5.Nc3 O-O 6.Nf3 Nbd7 7.O-O e5 8.e4 c6
9.h3 Re8 10.Be3 a5 11.Qc2 exd4 12.Nxd4 Nc5 13.b3 Qe7 14.Rfe1 h5 15.Bg5 Ne6
16.Nxe6 Bxe6 17.Rad1 Qf8 18.Ne2 Nh7 19.Bf4 Be5 20.Qd2 a4 21.Nd4 axb3 22.axb3 Qg7
23.Bxe5 dxe5 24.Nxe6 Rxe6 25.Qd7 h4 26.Qxb7 Rae8 27.g4 Ng5 28.b4 Qf6 29.Rd3 Rd6
30.Red1 Rxd3 31.Rxd3 Qf4 32.Qxc6 Re6 33.Qa8+ Kg7 34.Qa1 Nxe4 35.Bxe4 Qxe4
36.Re3 Qf4 37.c5 Rf6 38.Qe1 Qd4 39.Rxe5 Rf3 40.Re3 Rxe3 41.Qxe3 Qxb4 42.Qe5+ Kg8
43.Qe8+ Kg7 44.c6 Qc4 45.Qe5+ Kg8 46.c7 Qc1+ 47.Kh2 Qc6 48.Kg1 Kh7 49.Kf1 Kg8
50.Ke2 Kh7 51.Ke3 Kg8 52.Kf4 Kh7 53.Kg5 Kg8 54.Kxh4  1-0